000 01253nam a22002177a 4500
001 6805
003 FISKH
005 20250528163618.0
008 250528b cb ||||| |||| 00| 0 eng d
040 _aFISKH
_beng
_cFISKH
_dFISKH
050 _aBV3305 CRN
082 _a959
100 _aCambodia Research Network
245 _aThe peoples of Cambodia /
_cBy Cambodia Research Network
260 _aPhnom Penh :
_c2007.
300 _a50 pages :
_bcolor illustrations, maps ;
_c24 cm .
520 _aThe Peoples of Cambodia is a concise and informative resource that delves into the diverse ethnic groups and communities residing within Cambodia. The book provides an overview of various indigenous groups, their cultural practices, languages, and traditions. It highlights the rich tapestry of Cambodia's population, emphasizing the importance of understanding and preserving the unique identities of these communities. Through its pages, readers gain insight into the daily lives, customs, and challenges faced by different peoples in Cambodia. The book serves as an educational tool for those interested in the cultural diversity and social fabric of the country.
650 _aCambodia
_vNon-fiction
942 _2ddc
_cBK
_n0
999 _c6805
_d6805